| 000 | 00443nam a22001577a 4500 | ||
|---|---|---|---|
| 003 | SGT | ||
| 020 | _a9782178003344 | ||
| 082 |
_a615.7 _bP24R |
||
| 100 | _aRAO, AVANAPU. SRINIVASA | ||
| 245 | _aPHARMACOLOGICAL SCREENING METHODS AND TOXICOLOGY | ||
| 260 |
_aHYDERABAD _bPHARMA MED PRESS _c2024 |
||
| 300 | _a376 | ||
| 650 | _aPHARMACOLOGICAL AND TOXICOLOGY | ||
| 653 | _aPHARMACOLOGICAL, SCREENING, METHODS , TOXICOLOGY | ||
| 942 |
_2ddc _cBK |
||
| 999 |
_c27095 _d27095 |
||